MARC details
| 000 -LEADER |
| campo de control de longitud fija |
01573cam a2200469 a 4500 |
| 001 - NÚMERO DE CONTROL |
| campo de control |
83735 |
| 005 - FECHA Y HORA DE LA ÚLTIMA TRANSACCIÓN |
| campo de control |
20230410132839.0 |
| 008 - DATOS DE LONGITUD FIJA--INFORMACIÓN GENERAL |
| campo de control de longitud fija |
080219r20082007enkaf b 000 0ceng |
| 035 ## - NÚMERO DE CONTROL DEL SISTEMA |
| Número de control de sistema |
(OCoLC)ocn216936655 |
| 040 ## - FUENTE DE CATALOGACIÓN |
| Centro catalogador/agencia de origen |
UKM |
| Centro/agencia transcriptor |
UKM |
| Centro/agencia modificador |
BTCTA |
| -- |
BAKER |
| -- |
CDX |
| -- |
OCLCG |
| -- |
VP@ |
| -- |
C#P |
| 015 ## - NÚMERO DE BIBLIOGRAFÍA NACIONAL |
| Número de bibliografía nacional |
GBA851093 |
| Fuente |
bnb |
| 016 7# - NÚMERO DE CONTROL DE UNA AGENCIA BIBLIOGRÁFICA NACIONAL |
| Número de control del registro |
014574589 |
| Fuente |
Uk |
| 020 ## - NÚMERO INTERNACIONAL ESTÁNDAR DEL LIBRO |
| Número Internacional Estándar del Libro |
9780330448147 (pbk.) |
| 020 ## - NÚMERO INTERNACIONAL ESTÁNDAR DEL LIBRO |
| Número Internacional Estándar del Libro |
0330448145 (pbk.) |
| 029 ## - OTRO NÚMERO DE CONTROL DE SISTEMA (OCLC) |
| Identificador de la biblioteca OCLC |
AU@ |
| Número de control de sistema |
000043377785 |
| 029 ## - OTRO NÚMERO DE CONTROL DE SISTEMA (OCLC) |
| Identificador de la biblioteca OCLC |
UNITY |
| Número de control de sistema |
111098238 |
| 035 ## - NÚMERO DE CONTROL DEL SISTEMA |
| Número de control de sistema |
(OCoLC)216936655 |
| 041 ## - CÓDIGO DE IDIOMA |
| Código de lengua del texto/banda sonora o título independiente |
eng |
| Código de lengua original |
ger |
| 050 14 - SIGNATURA TOPOGRÁFICA DE LA BIBLIOTECA DEL CONGRESO |
| Número de clasificación |
B DD 247 |
| Número de ítem |
H658H 2008 |
| 082 00 - NÚMERO DE LA CLASIFICACIÓN DECIMAL DEWEY |
| Número de clasificación |
943.0860922 |
| 049 ## - FONDOS LOCALES (OCLC) |
| Biblioteca depositaria |
GRAL |
| 100 1# - ENTRADA PRINCIPAL--NOMBRE DE PERSONA |
| Nombre de persona |
Himmler, Katrin, |
| Fechas asociadas al nombre |
1967- |
| 245 14 - MENCIÓN DEL TÍTULO |
| Título |
The Himmler brothers : |
| Resto del título |
a german family history / |
| Mención de responsabilidad, etc. |
Katrin Himmler ; translated by Michael Mitchell. |
| 260 ## - PUBLICACIÓN, DISTRIBUCIÓN, ETC. |
| Lugar de publicación, distribución, etc. |
London : |
| Nombre del editor, distribuidor, etc. |
Pan Books, |
| Fecha de publicación, distribución, etc. |
2008. |
| 300 ## - DESCRIPCIÓN FÍSICA |
| Extensión |
333 p., [24] p. of plates : |
| Otras características físicas |
ill. ; |
| Dimensiones |
20 cm. |
| 500 ## - NOTA GENERAL |
| Nota general |
First published in Great Britain in 2007. |
| 504 ## - NOTA DE BIBLIOGRAFÍA, ETC. |
| Nota de bibliografía, etc. |
Includes bibliographical references. |
| 600 10 - PUNTO DE ACCESO ADICIONAL DE MATERIA--NOMBRE DE PERSONA |
| Nombre de persona |
Himmler, Heinrich, |
| Fechas asociadas al nombre |
1900-1945 |
| Subdivisión general |
Family. |
| 600 10 - PUNTO DE ACCESO ADICIONAL DE MATERIA--NOMBRE DE PERSONA |
| Nombre de persona |
Himmler, Heinrich, |
| Fechas asociadas al nombre |
1900-1945. |
| 600 10 - PUNTO DE ACCESO ADICIONAL DE MATERIA--NOMBRE DE PERSONA |
| Nombre de persona |
Himmler, Gebhard. |
| 600 10 - PUNTO DE ACCESO ADICIONAL DE MATERIA--NOMBRE DE PERSONA |
| Nombre de persona |
Himmler, Ernst. |
| 650 #0 - PUNTO DE ACCESO ADICIONAL DE MATERIA--TÉRMINO DE MATERIA |
| Término de materia o nombre geográfico como elemento de entrada |
Nazis |
| Subdivisión de forma |
Biography. |
| 650 #0 - PUNTO DE ACCESO ADICIONAL DE MATERIA--TÉRMINO DE MATERIA |
| Término de materia o nombre geográfico como elemento de entrada |
Middle class |
| Subdivisión geográfica |
Germany |
| Subdivisión de forma |
Biography. |
| 650 #0 - PUNTO DE ACCESO ADICIONAL DE MATERIA--TÉRMINO DE MATERIA |
| Término de materia o nombre geográfico como elemento de entrada |
Brothers |
| Subdivisión geográfica |
Germany |
| Subdivisión de forma |
Biography. |
| 651 #0 - PUNTO DE ACCESO ADICIONAL DE MATERIA--NOMBRE GEOGRÁFICO |
| Nombre geográfico |
Germany |
| Subdivisión general |
History |
| Subdivisión cronológica |
1933-1945. |
| 938 ## - |
| -- |
Baker and Taylor |
| -- |
BTCP |
| -- |
BK0007706054 |
| 938 ## - |
| -- |
Coutts Information Services |
| -- |
COUT |
| -- |
7209308 |
| 938 ## - |
| -- |
Baker & Taylor |
| -- |
BKTY |
| -- |
14.95 |
| -- |
11.21 |
| -- |
0330448145 |
| -- |
0007706054 |
| -- |
active |
| 942 ## - ELEMENTOS DE ENTRADA SECUNDARIOS (KOHA) |
| Fuente del sistema de clasificación o colocación |
Clasificación de Library of Congress |
| Tipo de ítem Koha |
|
| 994 ## - |
| -- |
C0 |
| -- |
DRFGD |
| 946 ## - PROCESAMIENTO DE INFORMACIÓN LOCAL (OCLC) |
| a |
MF |